00869nam a22001937a 4500003000900000008004100009040007100050082002000121100002800141245006000169260006500229300002600294505022400320650002300544650002600567650001800593650001500611710004900626AR-CdUCM190221b ||||| |||| 00| 0 spa d aMUNICIPALIDAD PROVINCIAL DEL CUSCOcBIBLIOTECA MUNICIPAL DEL CUSCO a869.5009 /bR61 aRiva Aguero, Jose De La aCarácter de la Literatura del Perú Independiente / aLima :bPontificia Universidad Católica del Perú,c1962. a384 paginas ;c21 cm. aCarácter literario de los peruanos -- La imitación en la literatura peruana -- Prosistas de los primeros años de la independencia -- El romanticismo en el Perú -- rectificaciones sobre la literatura colonial ... aLiteratura Peruana aLiteratura Colonial  aRomanticismo  aProsistas  aPontificia Universidad Católica del Perú